| 000 | 00622nam a22001697a 4500 | ||
|---|---|---|---|
| 005 | 20120228130831.0 | ||
| 020 |
_a817000196X _c550.00 |
||
| 035 | _aA-904954 | ||
| 037 |
_aDPL _bENG |
||
| 100 |
_aSehgal, R. L. _943153 |
||
| 245 |
_aManual on computer applications training in library science / _cby R.L. Sehgal and D.K. Behl |
||
| 260 |
_aNew Delhi _bEss Ess Publications _c1996 |
||
| 300 |
_a352p. _c18 cms. |
||
| 700 |
_aBehl, D.K. _943154 |
||
| 942 |
_2ddc _cEN _h025.04 _mSEH |
||
| 999 |
_c63565 _d63565 |
||